Estadios de fútbol de España - Estadísticas

Estadísticas generales
  • Esta prueba ha sido intentada 2.376 veces
    399 desde el último reinicio
  • La puntuación promedio es 27 de 61
Estadísticas de respuestas
Respuesta % Correcto
Camp Nou
97%
Santiago Bernabéu
96%
Metropolitano
86%
Mestalla (Luis Casanova)
85%
San Mamés
84%
Benito Villamarín (Manuel Ruiz de Lopera)
82%
Ramón Sánchez Pizjuán
82%
Balaídos
77%
Anoeta
74%
La Cerámica (El Madrigal)
74%
La Rosaleda
74%
Riazor
69%
El Sardinero
68%
La Romareda
68%
Carlos Tartiere
67%
Coliseum
67%
RCDE Stadium (Cornellá-El Prat)
67%
Vallecas (Teresa Rivero)
66%
El Molinón - Enrique Castro "Quini"
64%
Mendizorroza
63%
Montilivi
63%
El Sadar
62%
José Zorrilla
61%
Butarque
60%
Ciutat de Valencia
60%
Son Moix
58%
Los Cármenes
55%
Ipurúa
54%
Manuel Martínez Valero (Nuevo Estadio del Elche CF)
51%
Gran Canaria
45%
Nuevo Mirandilla (Ramón de Carranza)
43%
Vicente Calderón
43%
La Cartuja
42%
El Alcoraz
38%
Carlos Belmonte
36%
El Arcángel
34%
El Plantío
33%
Los Pajaritos
33%
UD Almería Stadium (Juegos Mediterráneos)
33%
Castalia
31%
Heliodoro Rodríguez López
29%
José Rico Pérez
27%
Las Gaunas
27%
La Condomina
21%
Ramón de Carranza
21%
Helmántico
20%
Colombino
17%
Chapín
14%
Nova Creu Alta
13%
Alfredo Di Stéfano
12%
San Lázaro
11%
Insular
10%
Sarriá
10%
Romano José Fouto
9%
Atocha
8%
Olímpico Lluis Companys
8%
Camp d'Esports
7%
Nou Stadi de Tarragona
6%
Francisco de la Hera
4%
Lluis Sitjar
3%
Olímpico Camilo Cano
2%
No se encontraron pruebas coincidentes
Distribución de puntuación
Porcentaje de gente con cada puntuación
Porcentaje por número respondido
Historial de tus puntuaciones
No has intentado esta prueba desde el último reinicio